Vstreči i ėmocii - 60 let spustja

Titel: Vstreči i ėmocii - 60 let spustja : der Besuch ehemaliger Zwangsarbeiter in Bielefeld ; [eine Dokumentation in Bild und Wort anlässlich der Ausstellungsreihe Emotionen 1, 2, 3, Altstädter Nikolaikirche, Altes Rathaus, Stadtwerke Bielefeld] = Begegnungen und Emotionen - 60 Jahre danach / hrsg. durch die Stadt Bielefeld in Zusammenarbeit mit Gegen Vergessen - Für Demokratie e.V. Fotogr. Cornelia Bock. Texte Petra Krasa ... Übers. Tanja Schuh. [Red. Petra Krasa und Tanja Schuh]
Beteiligt:
Körperschaft:
Veröffentlicht: Bielefeld : Stadtarchiv und Landesgeschichtliche Bibliothek, 2005
Umfang: 117 Seiten : Illustrationen ; 30 cm
Format: Buch
Sprache: Deutsch; Russisch
Schlagworte:
Kein Bild verfügbar
X
Lokale Klassifikation: 3 3 H ; 19 3 H ; 42 3 H
alg: 13268455
001A    $06000:08-09-05 
001B    $01999:16-02-26 $t07:54:55.000 
001D    $06000:08-09-05 
001U    $0utf8 
001X    $00 
002@    $0Aaxaf 
002C    $aText $btxt $2rdacontent 
002C    $aunbewegtes Bild $bsti $2rdacontent 
002D    $aohne Hilfsmittel zu benutzen $bn $2rdamedia 
002E    $aBand $bnc $2rdacarrier 
003@    $0132684551 
003O    $076757512 $aOCoLC 
006G    $0974949728 
006U    $005,B38,0818 $f20050518 
007A    $0974949728 $aDNB 
010@    $ager $arus 
011@    $a2005 $n2005 
013D    $RKatalog $#Exhibition catalogs $#Expositions $#Cataloghi di esposizioni $#Ausstellungskatalog $74135467-9 $8Ausstellungskatalog [Tsz] $9085499846 $y2004 $zBielefeld 
017A    $asf 
021A    $aVstreči i ėmocii - 60 let spustja $dder Besuch ehemaliger Zwangsarbeiter in Bielefeld ; [eine Dokumentation in Bild und Wort anlässlich der Ausstellungsreihe Emotionen 1, 2, 3, Altstädter Nikolaikirche, Altes Rathaus, Stadtwerke Bielefeld] $fBegegnungen und Emotionen - 60 Jahre danach $hhrsg. durch die Stadt Bielefeld in Zusammenarbeit mit Gegen Vergessen - Für Demokratie e.V. Fotogr. Cornelia Bock. Texte Petra Krasa ... Übers. Tanja Schuh. [Red. Petra Krasa und Tanja Schuh] 
028C    $7 $8Krasa, Petra [Tnd] $9148190642 
029F    $710111315-8 $8Ausstellungsreihe Emotionen 1, 2, 3$d2004$cBielefeld [Tf1] $9132406225 
029F    $#Bielefeld $#Bylanuelde $#Bilefelʹd $#Stadt Bielefeld $74006510-8 $8Bielefeld [Tg1] $9085009474 
033A    $pBielefeld $nStadtarchiv und Landesgeschichtliche Bibliothek 
034D    $a117 Seiten 
034I    $a30 cm 
034M    $aIllustrationen 
044K    $qDNB $RUkrainische SSR $#Ukraine $#Ukraine $#Ukraine $#Украïна $#Ukrainische SSR $#Ukrajina $#Ukraina $#Ukraïna Ukraine $#Ukraina Ukraine $#Ukrajna $74061496-7 $8Ukraine [Tg1] $9085170801 
044K    $qDNB $RArbeiter $RZwangsarbeiterin $RZwangsarbeit $#Forced labor $#Travail forcé $#Fremdarbeiter Zwangsarbeiter $74121950-8 $8Zwangsarbeiter [Ts1] $9085397024 
044K    $qDNB $RBesucher $#Besuche $74144953-8 $8Besuch [Ts1] $9085575291 
044K    $qDNB $#Bielefeld $#Bylanuelde $#Bilefelʹd $#Stadt Bielefeld $74006510-8 $8Bielefeld [Tg1] $9085009474 
045E    $c943 $c330 
045F    $a306.0943 $eDDC23BSB 
045F/01 $a306.09 
045F/03 $g43 
045F/03 $g477 
045R    $aGeschichte 2004 
046L    $aText deutsch und russisch 

lok: 13268455 24
101B    $030-11-05 $t13:57:51.000 
101C    $030-11-05 
145Z/01 $a3 3 H 
145Z/02 $a19 3 H 
145Z/03 $a42 3 H 
101U    $0utf8 

exp: 13268455 24 1 #EPN
201B/01 $030-11-05 $t13:57:51.000 
201C/01 $001-11-05 
203@/01 $0312975341 
208@/01 $a30-11-05 $bz 
209A/01 $a05.4640 $du $f050 $h05 4640 $x00 
209C/01 $a05.4640 K $h05 4640 K 
209G/01 $a70812517 $x00 
220C/01 $awar/hae 
247C/01 $8358050-7 Marburg, Bibliothek des Herder-Instituts Marburg $9102600961 
201U/01 $0utf8
LEADER 00000cam a22000002c 4500
001 132684551
003 DE-603
005 20260216075455.0
007 tu
008 050908s2005 xx |||| | u00||u|ger
015 |a 05,B38,0818  |2 dnb 
016 7 |2 DE-101  |a 974949728 
035 |a (DE-599)DNB974949728 
035 |a (OCoLC)76757512 
040 |a DE-603  |b ger  |c DE-603  |d DE-603 
041 |a ger  |a rus 
082 0 4 |8 1\u  |a 306.0943  |q DE-101  |2 23/BSB 
084 |a 943  |a 330  |q DE-101  |2 sdnb 
085 |8 1\u  |b 306.09 
085 |8 1\u  |z 2  |s 43 
085 |8 1\u  |z 2  |s 477 
090 |a b 
245 0 0 |a Vstreči i ėmocii - 60 let spustja  |b der Besuch ehemaliger Zwangsarbeiter in Bielefeld ; [eine Dokumentation in Bild und Wort anlässlich der Ausstellungsreihe Emotionen 1, 2, 3, Altstädter Nikolaikirche, Altes Rathaus, Stadtwerke Bielefeld] = Begegnungen und Emotionen - 60 Jahre danach  |c hrsg. durch die Stadt Bielefeld in Zusammenarbeit mit Gegen Vergessen - Für Demokratie e.V. Fotogr. Cornelia Bock. Texte Petra Krasa ... Übers. Tanja Schuh. [Red. Petra Krasa und Tanja Schuh] 
264 1 |a Bielefeld  |b Stadtarchiv und Landesgeschichtliche Bibliothek  |c 2005 
300 |a 117 Seiten  |b Illustrationen  |c 30 cm 
336 |a Text  |b txt  |2 rdacontent 
336 |a unbewegtes Bild  |b sti  |2 rdacontent 
337 |a ohne Hilfsmittel zu benutzen  |b n  |2 rdamedia 
338 |a Band  |b nc  |2 rdacarrier 
546 |a Text deutsch und russisch 
648 7 |a Geschichte 2004  |2 gnd 
650 7 |a Zwangsarbeiter  |0 (DE-588)4121950-8  |0 (DE-603)085397024  |2 gnd 
650 7 |a Besuch  |0 (DE-588)4144953-8  |0 (DE-603)085575291  |2 gnd 
651 7 |a Ukraine  |0 (DE-588)4061496-7  |0 (DE-603)085170801  |2 gnd 
651 7 |a Bielefeld  |0 (DE-588)4006510-8  |0 (DE-603)085009474  |2 gnd 
655 7 |a Ausstellungskatalog  |y 2004  |z Bielefeld  |2 gnd-content  |0 (DE-588)4135467-9  |0 (DE-603)085499846 
700 1 |a Krasa, Petra  |0 (DE-603)148190642 
710 1 |a Bielefeld  |0 (DE-603)085009474  |0 (DE-588)4006510-8  |2 gnd 
711 2 |a Ausstellungsreihe Emotionen 1, 2, 3  |d 2004  |c Bielefeld  |0 (DE-603)132406225  |0 (DE-588)10111315-8  |2 gnd 
924 0 |9 Mb 50  |a (DE-603)312975341  |b DE-Mb50  |c HES  |d c  |g 05.4640